000 00416nam a2200169Ia 4500
005 20240625051232.0
008 240331s9999 xx 000 0 und d
020 _a0691020779
082 _a100
_bSTR
100 _aStrenski, Ivan
245 0 _aMalinowski and the work of myth
260 _aNew Jersey
_bPrinceton University Press
_c1992
300 _a181 p .,
650 _aEthnology
650 _amyth
942 _cL
999 _c690
_d690